000 00471nam a2200181Ia 4500
008 230711s9999||||xx |||||||||||||| ||und||
020 _a978-0-07-015156-7
041 _aENG
082 _a658.8
_bET-M
100 _aEtzel,Michael J
245 0 _aMarketing with cd
250 _a14th Ed.
260 _c2010
_aNew Delhi
_bMcGraw Hill Education(India) Private Limited
300 _a880p.
650 _aUNIVESITY BUSNIESS SCHOOL
700 _aWalker,Bruce J
942 _cBK
999 _c5933
_d5933